Statistics for Cult Classic Films by Clue

Click here to take the quiz!

General Stats

  • This quiz has been taken 11,312 times
  • The average score is 10 of 20

Answer Stats

Clue Film % Correct
Tyler Durden, Soap, The First Rule...Fight Club
90%
Bowling, White Russians, The DudeThe Big Lebowski
74%
Brat Pack, Detention, John HughesThe Breakfast Club
68%
Nunchuck Skills, Uncle Rico, Vote for PedroNapoleon Dynamite
65%
Audience Participation, Transvestites, "Time Warp"The Rocky Horror Picture Show
65%
David Bowie, Maze, Hoggle the DwarfLabyrinth
58%
Treasure Hunt, Chunk, Do the Truffle Shuffle! DO IT!The Goonies
57%
Heist, Colorful Names, Ear RemovalReservoir Dogs
57%
Buttercup, Dread Pirate Roberts, Andre the GiantThe Princess Bride
56%
Investment Banker, Serial Killer, Business Card JealousyAmerican Psycho
54%
Mockumentary, Unlucky Drummers, "These go to Eleven!"This is Spinal Tap
51%
Michael Bolton, Red Stapler, Jump to Conclusions MatOffice Space
42%
Sunshine Acid, Bazooko Circus Casino, Hunter S. ThompsonFear and Loathing in Las Vegas
40%
Frank the Rabbit, "The Destructors", Doomsday VisionsDonnie Darko
40%
Freshman Hazing, Coming of Age, All right all right all rightDazed and Confused
34%
The Lords of Death, Chinese Sorcery, Kurt RussellBig Trouble in Little China
32%
McManus Brothers, Catholic, VigilantesThe Boondock Saints
29%
Perfection Nevada, Graboids, Kevin BaconTremors
26%
Hockey, Hanson Brothers, Paul NewmanSlap Shot
25%
Klaatu verata nicto, Boom Stick, ZombiesArmy of Darkness
18%

Score Distribution

Percentile by Number Answered

Percent of People with Each Score

Your Score History

You have not taken this quiz